000 00579nam a2200193Ia 4500
008 240729s9999 xx 000 0 und d
022 _a2199-8531
245 0 _aJournal of Open Innovation: Technology, Market and Complexity
260 _aUnited Kingdom
260 _bElsevier
650 _a Business
650 _a Commerce
650 _a Industries. Land use. Labor
650 _a Management. Industrial management | Social Sciences
650 _aSocial Sciences
856 _uhttps://doaj.org/toc/d4ef8513d31042a48e9aad9837a34376
942 _2ddc
942 _cDOAJEJ
999 _c72425
_d72425
945 _a1
_bMadushi Gamage
_c1
_dMadushi Gamage